[Event "USA tt"]
[Site "ICC INT"]
[Date "2008.09.17"]
[Round "4"]
[White "Esserman, Marc"]
[Black "Lian, Jayson"]
[Result "1-0"]
[WhiteElo "2295"]
[BlackElo "2154"]
[PlyCount "61"]
[EventDate "2008.10.22"]
[EventType "team-tourn"]
[EventRounds "10"]
[EventCountry "USA"]
[SourceTitle "CBM 126 Extra"]
[Source "ChessBase"]
[SourceDate "2008.11.05"]
[SourceVersion "1"]
[SourceVersionDate "2008.11.05"]
[SourceQuality "1"]

1. e4 c5 2. d4 cxd4 3. c3 dxc3 4. Nxc3 Nc6 5. Nf3 e6 6. Bc4 Nge7 7. Bg5 f6 8. Be3 Ng6 9. 0-0 Be7 10. Nb5 0-0 11. Rc1 Kh8 12. Qd2 Nge5 13. Nxe5 Nxe5 14. Nxa7 Nxc4 15. Rxc4 d5 16. exd5 exd5 17. Rxc8 Rxc8 18. Nxc8 Qxc8 19. Qxd5 Rd8 20. Qb5 Bd6 21. Rc1 Qb8 22. g3 Be5 23. b4 h6 24. a4 Bd4 25. Bf4 Qa7 26. Rc2 Ra8 27. Kg2 Qxa4 28. Rc8+ Kh7 29. Qf5+ g6 30. Rc7+ Kh8 31. Qxg6 1-0